| 000 | 00614nam a2200217 i 4500 | ||
|---|---|---|---|
| 001 | bg | ||
| 100 | 1 |
_aKRUCZALAK, Kazimierz _d(1934- ) |
|
| 245 | 1 | 0 |
_aUmowy i inne czynności handlowe / _cKazimierz Kruczalak. |
| 260 |
_aWarszawa : _bWydaw. Prawnicze "LexisNexis", _c2002. |
||
| 300 |
_a170 s. ; _c24 cm. |
||
| 504 | _aBibliogr. | ||
| 650 | 9 |
_aUmowa _xhandel _zPolska _ystan na 2001 r. |
|
| 655 | _aPodręczniki akademickie | ||
| 020 | _a8373340262 | ||
| 040 | _cBPK | ||
| 041 | 0 | _apl | |
| 080 | _a347.74(438)(075.8) | ||
| 920 | _a83-7334-026-2 | ||
| 942 | _cKS | ||
| 008 | s pl f |000 0 pol | ||
| 999 |
_c40429 _d40429 |
||
| 856 |
_uhttp://koha.tu.koszalin.pl/cgi-bin/koha/opac-detail.pl?biblionumber=40429 _yKatalog online BPK |
||